A mai költő föladatai

Bibliographic Details
Main Author: József, Attila, 1905-1937 (Author)
Format: Article
Language:Hungarian
Slovak
ISSN:1336-5088
Subjects:

MARC

LEADER 00000nab a2200000 a 4500
001 vtls008153340
003 SK-MaSNL
005 20260303080455.0
008 160314c2005 xo |||||||| |000 b|hun
015 |a SNBRB2005/05  |2 snkbucl 
038 |a SNKBUCL 
040 |a DSZK  |b slo  |c DSZK  |e AACR2 
041 0 |a slo 
044 |a xo  |c SK 
080 |a 821.511.141-4=511.141  |2 UDC-MRF-SK2 
100 1 |a József, Attila,  |d 1905-1937  |4 aut  |9 210880 
245 1 0 |a A mai költő föladatai  |c József Attila 
650 0 7 |a eseje, maďarské  |2 snkbucl  |9 582855 
773 0 |t Irodalmi szemle  |g Évf. XLVIII, sz. 4 (2005), o. 57-58  |x 1336-5088 
852 |a SNK  |b KIS3GCP 
852 |a DSZK  |b KIS3GCP 
958 |a HU 
958 |a LX 
999 |c 1780550  |d 1782480